00696 a2200193 4500952011600000999001500116020001500131050001900146100003300165245010000198264003200298300002100330500001900351504005100370650001500421650001900436700002000455942002700475 001040708NFICaLLbLLcGENd2021-05-26l0oKL50.3 FRA 1982p004907r2022-09-27 00:00:00tC.1w2021-05-26yBK c8819d8819 a040902898300aKTL50.3FRA19821 aFranklin, Blen Lloyd Stuart.14aThe mining and mineral laws of South Africa /cby Blen Lloyd Stuart Franklin and Morris Kaplan. aLondon:bButterworth,c1982 alxxvii, 853 p. ; aincludes index aIncludes bibliographical references and index. 0aMining law 0aMineral rights1 aKaplan, Morris. 2lcccBKh50.3iFRAkKL